| 000 | 00792cam a2200265 4500 | ||
|---|---|---|---|
| 001 | |||
| 008 | 000000n2000 000 0 eng u | ||
| 020 | _a185114179 | ||
| 035 | _a(Sirsi) u107599 | ||
| 050 |
_a711.14 _c18 |
||
| 110 |
_aUnited Kingdom _bDepartment of the Environment, Transport and the Regions _93507 |
||
| 245 | 4 | _aThe operation fo the Crichel Down Rules | |
| 260 |
_aLondon _bDETR _c2000 |
||
| 300 |
_a190p. _c30cm. |
||
| 350 | _a28 | ||
| 650 | _aSURPLUS LAND | ||
| 650 | _aDISPOSAL OF LAND | ||
| 650 | _aLOCAL AUTHORITIES | ||
| 650 | _aPLANNING | ||
| 650 | _aDEVELOPMENT | ||
| 650 | _aCRICHEL DOWN RULES | ||
| 690 | _aENVIRONMENTAL AND LAND CONSULTANCY-PLANNING AND DEVELOPMENT-COMPULSORY PURCHASE AND COMPENSATION | ||
| 710 |
_aGerald Eve _9151 |
||
| 942 | _n0 | ||
| 999 |
_c100706 _d100706 |
||